| 000 | 01210nam a2200325 a 4500 | ||
|---|---|---|---|
| 001 | 2265 | ||
| 003 | BD-RjUL | ||
| 005 | 20211208233520.0 | ||
| 008 | 161202s1971 ii 00| 0 eng d | ||
| 020 | _c: IRs. 75.00 | ||
| 035 | _a(BD-RjUL)2292 | ||
| 040 |
_aBD-RjUL _cOUN _dm.c. _dBD-RjUL _beng |
||
| 041 | _aeng | ||
| 082 | 0 | 4 |
_223 _a016.95403 _bSHI 1971 |
| 100 | 1 |
_aSharma, Jagdish Saran, _d1924-1993. _91134 |
|
| 245 | 1 | 0 |
_aIndian National Congress : _ba descriptive bibliography of India's struggle for freedom: Book One and Two / _cby Jagdish Saran Sharma ; Foreword by U. N. Dhebar; Preface by Shriman Narayan. |
| 250 | _a2nd ed. | ||
| 260 |
_aDelhi; _bS. Chand & Co. Pvt. ltd. _c1971 |
||
| 300 |
_axliii, 816, 131 p. ; _c25 cm. |
||
| 490 | 1 |
_aNational bibliographies ; _vno. 3 |
|
| 504 | _aIncludes Index | ||
| 650 | 0 |
_aNationalism _zIndia _vBibliography. _97360 |
|
| 650 | 0 |
_aIndian National Congress _xBibliography. _9168383 |
|
| 650 | 0 |
_aFreedom Movement _zIndia _xBibliography _9228315 |
|
| 700 |
_aDhebar, U. N. , Foreworder _9168386 |
||
| 700 |
_aNarayan, Shriman, Prefacer _9228316 |
||
| 830 | 0 |
_aNational bibliographies ; _vno. 3. _9228317 |
|
| 942 |
_2ddc _cREF |
||
| 999 |
_c2265 _d2265 |
||